[Event "Kottnauer Memorial"]
[Site "Prague"]
[Date "1996.??.??"]
[Round "1"]
[White "Andersson, Ulf"]
[Black "Hort, Vlastimil"]
[Result "1-0"]
[WhiteElo "2630"]
[BlackElo "2550"]
[Annotator "Stohl,I"]
[PlyCount "103"]
[EventDate "1996.06.??"]
[EventType "tourn"]
[EventRounds "10"]
[EventCountry "CSR"]
[EventCategory "12"]
[SourceTitle "CBM 054"]
[Source "ChessBase"]
[SourceDate "1996.10.01"]
[SourceVersion "1"]
[SourceVersionDate "1996.10.01"]
[SourceQuality "1"]

1. d4 d6 2. e4 Nf6 3. Nc3 g6 4. Nf3 Bg7 5. Be2 O-O 6. O-O a6 (6... c6 $142) (
6... Bg4 $142) 7. h3 (7. a4 b6 8. Re1 Bb7 9. Bf1 e6 10. Bf4 Nc6 11. d5 exd5 12.
exd5 Nb4 13. Bc4 Re8 14. Qd2 Rxe1+ 15. Rxe1 Qd7 16. Bg5 c5 17. dxc6 Qxc6 18.
Bb3 Re8 19. Rd1 d5 20. Qf4 a5 21. Nd4 Nh5 22. Nxc6 Nxf4 23. Nxb4 axb4 24. Nb5
Ne6 25. Nd6 $16 {Kiselev,S-Losev,D/Moscow op2/1995/}) (7. e5 dxe5 8. Nxe5 Nbd7
(8... Be6 9. Bf3 c6 10. Re1 Bd5 11. Nxd5 cxd5 12. c4 Nc6 13. Bg5 e6 14. cxd5
exd5 15. Qd2 Re8 16. Rad1 Qd6 17. Qf4 Qe6 18. Nd3 Ne4 19. Bxe4 dxe4 20. Nc5
Qxa2 21. Nxe4 Nxd4 22. Nf6+ Bxf6 23. Bxf6 Qa5 24. Be5 Nc6 25. Bc3 $44 {Browne,
W-Hoi,C/Reykjavik op/1986/}) 9. Bf4 Nxe5 10. Bxe5 c6 11. a4 Nd5 12. Bxg7 Nxc3
13. bxc3 Kxg7 14. a5 Qc7 15. Qd2 Bf5 16. Bd3 Bxd3 17. cxd3 Rad8 18. Rfe1 Rd5
19. Re4 Rfd8 20. Qe3 e6 21. c4 Rxa5 22. Re1 h5 23. h3 Rf5 $17 {Groszpeter,
A-Espig,L/Varna/1983/}) (7. Bf4 b5 (7... c6 8. h3 b5 9. e5 dxe5 10. Nxe5 Bb7
11. Bf3 Qc8 12. Qe2 Nbd7 13. Rad1 e6 14. Nxd7 Qxd7 15. Be5 Qe7 16. Rfe1 Rac8
17. a3 Rfd8 18. h4 h5 19. g3 Ba8 20. Bg2 c5 21. Bxa8 Rxa8 22. Qf3 cxd4 23. Rxd4
Rac8 24. Red1 Rxd4 25. Rxd4 Ng4 26. Bxg7 Kxg7 $10 {Blees,A-Espig,L/Kecskemet/
1989/}) (7... Bg4 8. e5 Nfd7 9. h3 Bxf3 10. Bxf3 Nc6 11. exd6 cxd6 12. Ne2 Re8
13. Be3 Nb6 14. c3 d5 15. Nf4 e6 16. Nd3 Nc4 17. Bf4 Nd6 18. Re1 a5 19. a4 b6
20. Ne5 Rc8 21. Qb3 Nxe5 22. dxe5 Nc4 23. Qc2 f6 24. exf6 Qxf6 25. Bg3 Bf8 26.
Re2 Bd6 27. Bxd6 Nxd6 28. Rae1 $14 {Vogt,L-Espig,L/Dortmund-B/1991/}) 8. e5
Nfd7 9. Re1 Nc6 10. Bf1 dxe5 11. dxe5 Nc5 12. Qc1 Bf5 13. Nh4 e6 14. Nxf5 exf5
15. Qe3 Ne6 16. Rad1 Ncd4 17. Bh6 c5 18. Bxg7 Kxg7 19. Ne2 Qa5 20. Nxd4 cxd4
21. Qb3 Rfd8 22. a3 Rac8 23. Qd3 Qc7 24. Rc1 Rd5 25. f4 Rc5 $17 {Cifuentes
Parada,R-Van Laatum,G/Ostende op/1991/}) (7. Bg5 b5 8. e5 (8. a4 b4 9. Bxf6
exf6 10. Nd5 a5 11. Bd3 c6 12. Ne3 Re8 13. c3 Ba6 14. cxb4 axb4 15. Qc2 Qe7 16.
Nc4 Qc7 17. Ncd2 Nd7 18. Rfc1 c5 19. Bxa6 Rxa6 20. Qc4 Qa7 21. b3 $13 {
Mephisto Geni-Van Voorthuijsen,PW/Hague/1995/}) 8... Nfd7 9. a4 bxa4 10. Nd5
Nc6 11. exd6 cxd6 12. Rxa4 h6 13. Be3 e6 14. Nb4 Nxb4 15. Rxb4 Nb6 16. Rb3 a5
17. Qd2 a4 18. Ra3 Kh7 19. Rfa1 Bd7 20. Qb4 Rb8 21. c4 Bc6 22. R3a2 Qd7 23. Rc1
Rfc8 24. Qd2 Bxf3 25. gxf3 Rc7 26. Ra3 $13 {Wolff,P-Norwood,D/Toronto/1989/})
7... b5 (7... Nc6 $5 8. d5 Nb8 9. Re1 c6 10. Bf4 b5 11. a3 Bb7 12. dxc6 Nxc6
13. Qd2 Re8 14. Bh6 Bh8 15. Ng5 Rc8 16. Rad1 Qb6 17. Nd5 Nxd5 18. exd5 Nd4 19.
Bd3 (19. c3 $142 $1 Nxe2+ 20. Qxe2 {[%cal Rg5f7] /\ Nf7!}) 19... Bxd5 20. c3
Ne6 21. Nxf7 Kxf7 22. Bxg6+ Kxg6 23. Qxd5 Kxh6 24. Rxe6+ Bf6 25. g4 Rg8 26. Qf5
Rcf8 27. h4 Kg7 $19 {Gruenfeld,Y-Borik,O/Randers zt-f/1982/}) 8. e5 $1 {
[%csl Gd4,Ge5] ()[+] This important advance gives White a permanent spacial
advantage.} Ne8 $146 (8... dxe5 $2 9. dxe5 Qxd1 10. Rxd1 $16 {[%cal Rc3d5] /
\Nd5}) (8... Nfd7 $142 $5 9. Bf4 (9. Re1 $5 $14) 9... Nc6 10. exd6 cxd6 11. Qd2
Nf6 12. Bh6 Bb7 13. Bxg7 Kxg7 14. a4 b4 15. Na2 a5 16. c4 bxc3 17. bxc3 e5 18.
Rab1 Qe7 19. Rfe1 e4 20. Bb5 Qc7 21. Nh4 Ne7 22. c4 h6 23. f4 d5 24. c5 Nh7 25.
Rf1 Bc8 $15 {Vonthron,H-Borik,O/BL 9091/1990/}) 9. Bf4 Nd7 (9... Bb7 10. Qd2
$14) 10. Qd2 Nb6 (10... Bb7 $6 11. e6 $1 fxe6 12. Ng5 Rf6 13. Nce4 $36) 11. a3
c6 (11... Nc4 $6 12. Bxc4 bxc4 13. Bh6 $16) 12. Rfe1 Bf5 13. Bh6 Nc7 14. Bxg7
Kxg7 15. Bf1 $14 {[%csl Ra5,Rc5,Rf6,Rg7,Rh6] ׻<< Despite White's quiet
handling of the opening Black still has not solved all his problems. He lacks
space and his position is weakened on both flanks.} f6 (15... Qd7 16. Ne4 Bxe4
17. Rxe4 $14) 16. exf6+ exf6 17. Ne4 Qd7 18. b3 Be6 $6 (18... a5 $5 19. c4 a4
$14) 19. Qa5 $1 {[%csl Ga5] A suprisingly strong square for the Q.} Rfb8 (19...
Nc8 20. c4 $36) (19... Rab8 $142 {[%cal Yf8e8] /\Rfe8 Now Black's R will be
very passive.}) 20. Rac1 Bf7 21. h4 $5 {Andersson combines active play on both
flanks.} h5 22. g3 {Now the Ne4 can't be chased away by a pawn move, as d5 or
f5 would let it occupy an even stronger square.} Be6 23. c4 $16 Bg4 24. Re3 Nc8
(24... Re8 $2 25. Qxb6 Bxf3 26. Nxf6 $1 $18) 25. Rce1 Ra7 26. d5 $1 Ne8 (26...
cxd5 27. Nxf6 $1 Kxf6 28. Qc3+ Kf7 29. Ng5+ Kg8 30. Qf6 $18 {This line shows,
how helpless are Black's R.}) 27. Nd4 {[%csl Gd4,Ge4] The centralization of
the N is powerful and decisive.} cxd5 28. cxd5 Qc7 (28... Ne7 29. Nxf6 Nxf6 30.
Rxe7+ Qxe7 31. Rxe7+ Rxe7 32. Nc6 $18) 29. Qxc7+ $18 Nxc7 $8 (29... Rxc7 30.
Nd2 $18 {[%csl Re8] פe8}) 30. Nc6 Rbb7 31. Nxa7 Rxa7 {Black has no
compensation for the exchange and White still has the initiative.} 32. Bg2 (32.
Rc1 $142 $5 $18) 32... Kf7 (32... Nxd5 33. Rd3 Nde7 34. Nxd6 $18) 33. Rc3 Ne8 (
33... Nxd5 34. Nxd6+ $18) 34. Nd2 Ne7 35. Nf1 a5 36. Ne3 Bd7 {Black has
managed to hold his position together for the time being, but the extra
exchange must tell in the end.} 37. Rec1 f5 {Weakening, but Black at least
gets some maneuvring space for his Ne7.} (37... g5 38. hxg5 fxg5 39. f4 gxf4
40. Rf1 $18 {->}) 38. Bf3 Ng8 39. Ng2 $1 {[%csl Rf4,Rg5] ><f4,g5} Ngf6 40. Nf4
Ne4 41. R3c2 (41. Bxe4 fxe4 42. f3 $18) 41... Nc5 42. Rb1 Nf6 (42... b4 43.
axb4 axb4 44. Rc4 Rb7 45. Ne6 $1 $18) 43. b4 axb4 44. axb4 Nce4 45. Kg2 Ng4 46.
Rbb2 Ne5 47. Be2 Ra3 (47... Ra4 48. Rc7 $18) 48. Ra2 Rb3 49. Rcb2 Rc3 (49...
Rxb2 $142 {Now White penetrates with both R.}) 50. Ra7 Ke8 51. Rb7 Nc4 52. Ra2
{[%cal Ra2a7,Ra7a8] /\Ra8,Ra7} (52. Ra2 Na3 53. Ne6 $18) 1-0

[Event "Buenos Aires Najdorf"]
[Site "Buenos Aires"]
[Date "1995.??.??"]
[Round "10"]
[White "San Segundo Carrillo, Pablo"]
[Black "Szmetan, Jorge"]
[Result "1-0"]
[WhiteElo "2520"]
[BlackElo "2430"]
[Annotator "Stohl,I"]
[PlyCount "87"]
[EventDate "1995.07.??"]
[EventType "tourn"]
[EventRounds "11"]
[EventCountry "ARG"]
[EventCategory "11"]
[SourceTitle "CBM 049"]
[Source "ChessBase"]
[SourceDate "1995.12.01"]
[SourceVersion "1"]
[SourceVersionDate "1995.12.01"]
[SourceQuality "1"]

1. d4 d6 2. e4 Nf6 3. Nc3 g6 4. Nf3 Bg7 5. h3 O-O 6. Be3 d5 (6... a6 $5 7. a4
b6 $13) 7. e5 {6...d5 allows White to get a space advantage without a fight
and leads to positions similar to the French defence. Black can certainly do
better, than that.} Ne4 8. Nxe4 (8. Bd3 $5 Nxc3 9. bxc3 c5 10. O-O Nc6 11. Qd2
Qa5 12. Rfb1 a6 13. a4 Rb8 14. Qc1 Be6 15. Qb2 c4 16. Be2 Qc7 17. Qb6 Qd7 18.
Bf4 h6 19. a5 g5 20. Bg3 Bf5 $13 {Larsen,B-Wolff,P/London WFW/1990/}) 8... dxe4
9. Ng5 (9. Nd2 c5 10. c3 (10. dxc5 Nc6 11. c3 Qc7 12. Nxe4 Rd8 13. Qa4 Nxe5 14.
Bd4 Bf5 15. Ng3 Nd3+ $5 (15... Bd3 16. Rd1 Bxf1 17. Nxf1 b6 18. cxb6 axb6 19.
Qb3 Nc4 20. Ne3 Nxe3 21. Bxe3 Rxd1+ 22. Kxd1 Qb7 23. Rg1 Qa6 24. a3 b5 25. Kc1
$14 {Kienast,J-Werner,G/2BLSW 9091/1990/}) 16. Bxd3 Bxd3 17. Bxg7 Kxg7 $44)
10... cxd4 11. cxd4 f5 (11... Nc6 $142 $5 12. Nxe4 {-9.Ng5}) 12. Bc4+ Kh8 13.
f4 Nc6 14. O-O b5 15. Bxb5 Nxd4 16. Bc4 Be6 17. Rc1 Bxc4 18. Nxc4 Ne6 19. h4
Qe8 20. Na5 Qb5 21. Qb3 Qxb3 22. Nxb3 Kg8 23. Rc6 Kf7 24. Rfc1 Rfd8 25. Ra6 $14
{King,D-Mc Nab,C/London NWYM/1988/}) 9... c5 10. c3 (10. dxc5 Qc7 11. Nxe4 Qxe5
12. Nc3 Nc6 $44) 10... cxd4 11. cxd4 {[%csl Gd4,Ge5,Rg7] The d4,e5 pawns
occupy the center and restrict Black's Bg7.} (11. Bxd4 $6 Nc6 12. Nxe4 Qd5 $1
$15) 11... Qa5+ $6 (11... Nc6 $5 12. Nxe4 (12. Bc4 Qa5+ 13. Bd2 (13. Kf1 Qb4
$15) 13... Qb6 14. Bc3 h6 15. Nxe4 Rd8 16. Qf3 Bf5 $13) 12... Qa5+ 13. Qd2 (13.
Nc3 Rd8 {[%cal Rc6e5] /\Ne5} 14. f4 Nxd4 $1 15. Bxd4 Qb4 16. a3 Qxd4 17. Qxd4
Rxd4 $36 {Tebb,D-Faulkner,D/BCF-ch/1994/}) 13... Qxd2+ 14. Nxd2 (14. Kxd2 Rd8
15. Kc3 Bf5 {/\Rac8|^}) 14... Rd8 15. Nf3 Be6 $44 {[%cal Yc6b4,Ye6d5] @,/\Nb4,
Bd5}) 12. Qd2 Qxd2+ 13. Bxd2 $1 (13. Kxd2 Nc6 {-11...Nc6!?}) 13... Nc6 (13...
f6 $2 14. Bc4+ Kh8 15. Nf7+ $16) 14. Bc3 Bf5 (14... Rd8 15. Rd1 $16 {[%csl Re4]
_|_,><e4}) 15. g4 h6 $8 (15... Be6 16. Nxe6 $1 (16. Nxe4 $6 Rfd8 17. Rd1 Bxa2
$13) 16... fxe6 17. Bg2 Rad8 18. Rd1 Rf4 19. Bd2 $1 {[%csl Rg7][%cal Yd2e3,
Yg2e4] /\Be3,Be4+-,ץg7}) (15... Bd7 16. Nxe4 $16) 16. gxf5 gxf5 $5 (16... hxg5
17. fxg6 fxg6 18. Bg2 $5 (18. Rg1 $16) 18... Rad8 19. Rd1 Rf4 20. Bd2 Rxd4 21.
Bxf4 Rxd1+ 22. Kxd1 gxf4 23. Bxe4 $18) 17. Nxe4 $1 fxe4 {The B-pair and a
better pawn structure give White a clear advantage in the endgame.} 18. Rg1 Kh8
(18... e6 19. Rg4 $16) 19. d5 $1 Nd8 (19... Nxe5 $6 20. Rxg7 Kxg7 21. Bxe5+ f6
22. Bc3 Rfd8 23. Rd1 {[%cal Rf1g2] /\Bg2+-}) 20. Bg2 f5 $8 21. exf6 Bxf6 (21...
exf6 22. Bxe4 Re8 23. f3 $18) 22. Rc1 $1 (22. Bxe4 Bxc3+ 23. bxc3 Nf7 $14 {
[%csl Ra2,Rc3,Rf2,Rh3] ק}) 22... Nf7 23. Bxe4 Nd6 24. f3 Bxc3+ (24... Rac8
$142 $16) 25. Rxc3 Rac8 (25... Nxe4 26. fxe4 Rf4 27. Rg4 $18 {[%cal Rc3c7] /
\Rc7}) 26. Rg6 Rf6 (26... Rxc3 $5 27. bxc3 (27. Rxh6+ $2 Kg7 28. Rh7+ Kg8 29.
bxc3 Nxe4 30. Rxe7 Nxc3 $10) 27... Rf6 $16) 27. Rxc8+ $1 Nxc8 {The R+B-R+N
endgame is won for White: his Bishop is a dominant piece, he has an extra pawn
and Black's P are weak. (e7,h6)} 28. Rg2 Nd6 29. Ke2 Rf8 30. Rg6 Rf6 31. Rg1
Rf8 32. Rg6 $138 Rf6 33. Rg2 Rf8 34. h4 $1 Rg8 (34... Nxe4 35. fxe4 Rf4 36. Ke3
Rxh4 37. Rg6 {[%csl Gd5,Ge4][%cal Rg6e6] /\Re6+-,o^e,d}) 35. Bg6 $1 $8 Kg7 (
35... Rc8 36. Kd3 {[%csl Rh6][%cal Yg2e2,Ye2e6,Yg6e4] /\Re2-e6,Be4,><h6}) 36.
h5 Kf6 37. Kd3 Nf7 38. f4 Nh8 39. Ke4 $1 Rg7 (39... Nxg6 40. f5 $18) (39... Rc8
40. Kd4 Rg8 41. f5 Nf7 42. Re2 Ng5 43. Rc2 $18 {[%cal Gc2c8] <->c}) 40. f5 Nf7
41. Rc2 Nd6+ 42. Kf4 Rg8 43. Re2 Nc8 $8 44. d6 $1 (44. d6 exd6 (44... Nxd6 45.
Re6+ Kg7 46. Rxe7+ (46. f6+ $18) 46... Kf8 47. Rd7 $18) 45. Re6+ Kg7 46. f6+
Kh8 47. Re7 $1 Rd8 $8 48. Rh7+ Kg8 49. f7+ Kf8 50. Rh8+ $18) 1-0

[Event "Moscow Alekhine op"]
[Site "Moscow"]
[Date "1992.??.??"]
[Round "?"]
[White "Smyslov, Vassily V"]
[Black "Ehlvest, Jaan"]
[Result "1/2-1/2"]
[WhiteElo "2530"]
[BlackElo "2635"]
[Annotator "Stohl,I"]
[PlyCount "129"]
[EventDate "1992.10.??"]
[EventType "swiss"]
[EventRounds "9"]
[EventCountry "RUS"]
[SourceTitle "CBM 033"]
[Source "ChessBase"]
[SourceDate "1993.04.01"]
[SourceVersion "1"]
[SourceVersionDate "1993.04.01"]
[SourceQuality "1"]

1. Nf3 d6 2. d4 g6 3. e4 Nf6 4. Nc3 Bg7 5. Be2 O-O 6. O-O Bg4 7. Be3 Nc6 8. Nd2
$5 Qc8 {N} (8... Bxe2 9. Qxe2 (9. Nxe2 e5 10. d5 Ne7 11. Ng3 Qd7 12. h3 {
Tosic,N-Zivkovic,V,JUG Cup qual Arandjelovac 1991-TD 91_07} Ne8 $13) 9... e5
10. d5 Ne7 (10... Nd4 $6 11. Qd3 c6 12. Bg5 Qc7 (12... Qd7 13. f4 h6 14. fxe5
Ng4 15. Bf6 dxe5 16. Bxg7 Kxg7 17. Nf3 Nxf3+ 18. Qxf3 f5 19. Rad1 h5 20. h3 $16
{Hansen,C-Stohl,I,Groningen 1982}) 13. f4 $1 (13. Bxf6 Bxf6 14. Nd1 cxd5 15. c3
Ne6 16. Qxd5 Bg5 17. Nf3 Bh6 18. g3 Qc6 19. c4 Qxd5 20. exd5 {Pachman,
L-Adorjan,A,Munich 1979} Nc5 $15) 13... Nd7 14. fxe5 Bxe5 15. Nc4 Bg7 16. Be3
Nb5 (16... c5 17. Bf4 $16) 17. dxc6 bxc6 18. Nxb5 cxb5 19. Nxd6 Ne5 20. Nxb5
Qb7 21. Qe2 $16 {Seret,JL-Bernard,C,FRA-ch I Epinal 1986}) 11. a4 (11. Nc4 Qc8
12. Na5 Ng4 13. Bd2 f5 14. f3 Nf6 15. Qc4 f4 $5 16. Qb3 Rb8 17. a4 Kh8 18. Qc4
Qd7 19. Rad1 g5 $15 {->>>,Iskov,G-Lawton,G,Copenhagen 1984}) 11... c6 12. dxc6
bxc6 13. Rfd1 d5 14. Bc5 Qc7 15. Nb3 Rfd8 16. exd5 Nexd5 17. Ne4 Nxe4 18. Qxe4
h6 $10 {Taimanov,M-Gufeld,E,URS 1978}) 9. f3 Bd7 10. Nb3 (10. Nc4 e6 {/\d5=})
10... a5 11. a4 Nb4 $132 12. Qd2 b6 13. Rfd1 Kh8 (13... c5 $6 14. d5 $16 {
/\Nb5,c3,()}) 14. Bf1 {/\Ne2,c3} (14. f4 Ng4 15. Bxg4 Bxg4 16. Rf1 Be6 $13)
14... Qb7 15. Ne2 Rae8 16. c3 Na6 17. Bh6 e5 $1 $10 18. Bxg7+ Kxg7 19. Ng3 (19.
dxe5 dxe5 $10) 19... h6 20. Qd3 Nb8 21. Nd2 Nc6 {/\d5|^[+]} 22. d5 Ne7 23. Qa6
(23. b4 $6 Ra8 $1 $15) 23... Qb8 $6 (23... Qxa6 24. Bxa6 Ra8 25. Bb5 $10) 24.
b4 Qa8 $1 25. Nb3 (25. bxa5 Qxa6 26. Bxa6 Ra8 $1 27. Bb5 Rxa5 28. Nb3 $10)
25... Qxa6 26. Bxa6 Ra8 27. Bb5 $8 Bxb5 28. axb5 axb4 $8 (28... a4 $2 29. Nd2
$16 {><a4}) 29. cxb4 Rxa1 (29... Nd7 30. Rdc1 $36) 30. Rxa1 Ne8 {/\f5<=>} 31.
Ne2 f5 32. Nc3 Ng8 33. Nd2 Nef6 34. Ra7 Rf7 35. g3 fxe4 36. Ndxe4 (36. fxe4 $10
) 36... Nxe4 37. Nxe4 (37. fxe4 $142 Nf6 38. h3 Ne8 39. Kg2 $10) 37... g5 $5 (
37... Nf6 38. Nxf6 Kxf6 39. Kf2 Kf5 40. Ke3 $10) 38. h3 Rd7 39. Kg2 (39. Kf2
$142 Ne7 40. Nc3 Nf5 41. Ne2 $10) 39... Ne7 40. Nc3 Nf5 {/\Nd4,Rf7><f3} 41. f4
$6 (41. Ra2 $15) 41... gxf4 42. gxf4 Rf7 (42... exf4 43. Kf3 Nd4+ 44. Kxf4 Nc2
45. Ra4 $10) 43. fxe5 dxe5 44. Kf2 $8 (44. Ne4 $2 Ne3+ 45. Kg1 Nxd5 $19) 44...
Nd6+ 45. Ke3 e4 $1 {/\Rf3} 46. Nxe4 $5 (46. Kd4 Re7 $17) 46... Re7 47. Rxc7 $8
Rxc7 48. Nxd6 Rc3+ (48... Rd7 49. Nf5+ Kf6 50. Ke4 $10) 49. Kd4 Rxh3 50. Nc8
Rh4+ 51. Ke5 (51. Kc3 Kf6 52. Nxb6 Ke5 $17) 51... Rxb4 52. d6 Rxb5+ 53. Ke6 Rb1
54. d7 Re1+ (54... Rd1 $2 55. Nd6 $18) 55. Kf5 Rf1+ $6 (55... Rd1 $1 56. Nxb6 (
56. Ke6 Rxd7 57. Kxd7 h5 58. Nxb6 h4 59. Nc4 h3 60. Ne3 h2 61. Nf5+ Kf6 62. Ng3
Kg5 63. Kd6 Kf4 64. Nh1 Kf3 $19) 56... Kf7 $17) 56. Ke6 Rf6+ $2 (56... Re1+ $1
57. Kf5 Rd1 {-55...Rd1!}) 57. Ke5 Rf8 58. Nxb6 Kf7 59. Nd5 $1 {/\Kd6-c7=} h5
60. Kd6 h4 61. Nf4 Kf6 62. Kc7 $10 Kf5 (62... Ke7 $2 63. Ng6+ $18) 63. Nh3 Kg4
64. Nf2+ Kf3 (64... Kg3 65. Ne4+ Kg2 66. Ng5 $10) 65. Nh3 {[Stohl]} 1/2-1/2

[Event "Dos Hermanas"]
[Site "Dos Hermanas"]
[Date "1995.??.??"]
[Round "7"]
[White "Adams, Michael"]
[Black "Shirov, Alexei"]
[Result "1-0"]
[WhiteElo "2655"]
[BlackElo "2710"]
[Annotator "Stohl,I"]
[PlyCount "119"]
[EventDate "1995.04.??"]
[EventType "tourn"]
[EventRounds "9"]
[EventCountry "ESP"]
[EventCategory "18"]
[SourceTitle "CBM 047"]
[Source "ChessBase"]
[SourceDate "1995.08.01"]
[SourceVersion "1"]
[SourceVersionDate "1995.08.01"]
[SourceQuality "1"]

1. e4 {Tischbierek} g6 2. d4 Bg7 3. Nc3 c6 4. Nf3 d6 5. Be3 Nf6 6. Qd2 O-O (
6... Ng4 7. Bg5 h6 8. Bh4 $14) (6... b5 7. Bd3 Bg4 8. O-O-O Nbd7 9. h3 Bxf3 10.
gxf3 a5 11. f4 b4 12. Na4 Nb6 13. Nxb6 Qxb6 14. Kb1 a4 15. f3 Qa5 16. h4 e6 17.
Rhg1 O-O 18. Rg5 d5 19. e5 Nh5 20. f5 $1 $36 {Adams,M-Hodgson,J/Dublin zt/1993/
}) 7. Bh6 b5 (7... Bg4 8. Bxg7 Kxg7 9. Ng5 $1 h6 10. h3 Bh5 11. g4 (11. Nxf7
$142 Rxf7 12. g4 $36) 11... hxg5 12. Be2 Rh8 13. Qxg5 Bxg4 14. Bxg4 e5 15.
O-O-O Nxg4 16. Qxg4 Rh4 17. Qg3 Qe7 18. Rd3 Na6 19. Rhd1 Rah8 20. dxe5 Qxe5 21.
Qg2 Nc5 $15 {Hennigan,M-Krasenkov,M/Hastings9394/1993/}) 8. Bd3 Bg4 9. Bxg7 (9.
h4 Bxf3 10. gxf3 e5 11. dxe5 dxe5 12. O-O-O Nh5 13. Bg5 Qc7 14. Ne2 Na6 15. Kb1
Nc5 16. Be3 Ne6 17. Ng3 Nhf4 18. h5 $132 {Dunnington,A-Weill,R/Cannes op/1992/}
) 9... Kxg7 10. e5 $6 (10. Ng5 $5 h6 11. h3 Bh5 (11... Bc8 12. Nf3 {/\e5|^,()})
12. Nxf7 $5 Rxf7 13. g4 $36) 10... dxe5 11. dxe5 Nfd7 12. Qe3 Qc7 (12... Qb6 $5
$15) 13. e6 $1 $8 Bxe6 {[#]} (13... fxe6 $2 14. Ng5 $36) 14. Ng5 (14. h4 $5 $40
{Tischbierek}) 14... Qe5 (14... Bc4 15. Bxc4 bxc4 16. Qxe7 $14 {ק}) 15. Nxe6+
(15. Qxe5+ Nxe5 16. Nxe6+ fxe6 $15) 15... fxe6 16. a4 {׫} Qxe3+ (16... b4 17.
Ne4 Qxb2 18. O-O $44) 17. fxe3 b4 18. Ne4 Rf5 $5 (18... Ne5 19. Nc5 Rf6 20. Be4
a5 {/\Na6}) 19. Nd2 Rd5 20. Bc4 Re5 21. O-O-O Nc5 (21... Rxe3 22. Nf3 $44 {
/\Ng5} (22. Rhe1 {Tischbierek} Rxe1 23. Rxe1 e5 24. Nf3 Kf6 25. Rf1 e4 26. Nd2+
Ke5 27. Rf7)) 22. Rhe1 Nbd7 23. Nf3 Re4 24. Bd3 $5 (24. b3 Ne5 25. Nxe5 Rxe5
$15) 24... Rg4 (24... Nxd3+ 25. cxd3 (25. Rxd3 $6 Nc5) 25... Rg4 26. Re2 $44 {
ק}) 25. Bf1 e5 $6 (25... Re4 $5 26. Bd3 $10) (25... Rf8 {Tischbierek}) 26. g3
{/\Bh3+-} b3 27. e4 $1 (27. Bh3 $6 Rxa4 28. Bxd7 (28. Rxd7 Nxd7 29. Bxd7 Ra1+
30. Kd2 Rxe1 31. Kxe1 bxc2 32. Kd2 Rd8 33. Nxe5 e6 $3 34. Kxc2 Kf6 35. Ng4+ Ke7
36. Ne5 (36. Bxc6 Rc8 37. Ne5 Kd6 $19) 36... Rxd7 37. Nxd7 Kxd7 $19) 28... Ra1+
29. Kd2 Rxd1+ 30. Rxd1 Nxd7 $15) 27... bxc2 28. Kxc2 Rf8 29. Bg2 (29. Bh3 Rxe4
30. Rxe4 Nxe4 31. Rxd7 Rxf3 $36) 29... a5 (29... Nb6 $5 30. Nxe5 (30. a5 Nc4
31. Kc3 Nd6 $132) 30... Rf2+ 31. Rd2 Rxd2+ 32. Kxd2 Rg5 33. Nf3 Rg4 $10) 30. b3
Nb8 (30... h6 $142 {Tischbierek} 31. Re2 Rf6 32. Nd2 $13) 31. Rd2 $1 (31. Nxe5
Rf2+ 32. Rd2 Rxd2+ 33. Kxd2 Rg5 $10) 31... Nca6 (31... Rxe4 {Tischbierek} 32.
Rxe4 Nxe4 33. Re2 $16 {+/-/+/=}) 32. Nxe5 Nb4+ 33. Kc3 Rg5 34. Nf3 Rg4 $6 (
34... Rc5+ 35. Kb2 $14) 35. Rd4 $36 {ק,Rg4} Na2+ (35... N8a6 36. Rd7 $36) 36.
Kc4 Na6 37. e5 Rb8 $1 (37... Rxd4+ 38. Nxd4 Rf2 39. Re2 $16 {><c6,a5}) 38. Rxg4
Rb4+ 39. Kd3 Rxg4 40. Ke3 $1 (40. Nd4 $2 N2b4+ 41. Ke3 Rxd4 $1 $19) 40... Rb4
41. Nd4 Nc5 (41... c5 42. Ne6+ {/\Bd5->}) 42. Bxc6 Nxb3 43. Ne6+ Kh6 (43... Kf7
$2 44. Bd5 Ke8 45. Rf1 Kd7 46. Rf8 $18) 44. Rd1 Rb6 (44... Nc3 45. Rd7 $5 (45.
Rd3 Rc4 $13) 45... Nxa4 46. Rxe7 $36 {עh6,o^e5}) 45. Bd7 g5 46. g4 $1 $40 {
/\Rf1-f3-h3#} Rb4 47. Rg1 Nc3 (47... Rb7 48. h4 $1 Rxd7 (48... gxh4 $2 49. Be8
{/\g5#}) 49. hxg5+ Kg6 50. Nf8+ Kxg5 51. Nxd7 $18) 48. h4 $1 Nd5+ 49. Kf2 gxh4
50. Be8 $1 Rf4+ $8 51. Nxf4 $8 (51. Ke2 Nd4+) (51. Ke1 Re4+ 52. Kd1 $2 Ne3+ {
/\Ng4}) 51... Nxf4 52. g5+ Kg7 53. Rg4 $18 Nd3+ 54. Ke3 Nxe5 55. Rxh4 Nc5 56.
Rf4 Nb7 57. Re4 Ng6 58. Bxg6 Kxg6 59. Re5 $1 (59. Rxe7 $6 Nc5 $16) 59... Nd6 (
59... h6 60. gxh6 Kxh6 61. Kf4 {/\Rb5+-}) 60. Kf4 1-0